000 00435nam a2200169Ia 4500
005 20250606012049.0
008 240331s9999 xx 000 0 und d
020 _a13919148
082 _bPAT
_a303
245 0 _aPatitha -2007
260 _acolombo
_bInstitute for Sociocultural Intensive Studies
_c2007
300 _a149 p ., ( v 5)
650 _aSocial
650 _aCultural
700 _aSamaja Sankruthika Ad.
_eedt
942 _cL
999 _c5055
_d5055